000
00296nam a2200121Ia 4500
008
191201s2007 xx 000 0 und d
100
_a
MATA TALEDO, Ramon A
245
0
_a
Database Management Systems
260
_a
N. Delhi
_b
TMH
_c
2007
300
_a
MISC
650
_a
B.Tech(CSE)
942
_2
ddc
_c
BK
999
_c
5573
_d
5573